Los Escarabajos vuelan al atardecer

Αποθηκεύτηκε σε:
Λεπτομέρειες βιβλιογραφικής εγγραφής
Κύριος συγγραφέας: Gripe, María (Συγγραφέας)
Μορφή: Βιβλίο
Γλώσσα:Ισπανικά
Έκδοση: Madrid Ediciones SM 1991
Έκδοση:15a. ed
Σειρά:Gran Angular, 31
Θέματα:
Ετικέτες: Προσθήκη ετικέτας
Δεν υπάρχουν, Καταχωρήστε ετικέτα πρώτοι!

MARC

LEADER 00000nam a2200000 a 4500
001 UCH5445
003 CL-VaPUC
008 091014e19910000SP |||||||||||||||||spa|d
020 |a 8434811634 
082 0 4 |a 833  |b GRI  |2 21 
100 |a Gripe, María  |e author  |9 581443 
245 1 4 |a Los Escarabajos vuelan al atardecer 
250 |a 15a. ed 
300 |a 227 p 
942 |c BK 
945 |d 20091014 00:00:00  |a ccalabra 
260 |a Madrid  |b Ediciones SM  |c 1991 
650 7 |a LITERATURA SUECA  |2 CL-VaPUC  |9 541729 
650 0 |a Escritores  |9 313723 
650 7 |a NOVELAS SUECAS  |2 CL-VaPUC  |9 345411 
650 0 |a Ficción   |9 376687 
650 0 |a Jóvenes  |9 326981 
650 0 |a Lectura  |9 307634 
650 0 |a Literatura  |9 259151 
651 0 |a Suecia   |9 268974 
583 |a last modification  |c 20091014 00:00:00  |k Rodrigo Vera 
490 0 |a Gran Angular, 31 
999 |c 336583  |d 336581